| 000 | 00712cam a22002531 4500 | ||
|---|---|---|---|
| 001 | sa 68000319 | ||
| 003 | DLC | ||
| 005 | 20260227112422.0 | ||
| 008 | 850325s1964 ii 000 1 tamx | ||
| 010 | _asa 68000319 | ||
| 020 | _cRs3 | ||
| 025 | _aPL480:I-T-1561 | ||
| 035 | _a(OCoLC)34931264 | ||
| 040 |
_aDLC _cMnU _dDLC |
||
| 042 | _apremarc | ||
| 050 | 0 | 0 |
_aPL4758.9.S53 _bK3 |
| 100 | 1 |
_aṢerīp, Kavi Kā. Mu., _d1914- |
|
| 245 | 1 | 0 |
_aKan̲akāmbaram. _c[El̲utiyavar] Kā. Mu. Ṣerīp. |
| 250 | _a[1. patippu] | ||
| 260 |
_aCen̲n̲ai, _bKuyilan̲ Patippakam _c[1964] |
||
| 300 |
_a159 p. _c18 cm. |
||
| 500 | _aIn Tamil. | ||
| 500 | _aShort stories published previously in various periodicals. | ||
| 999 |
_c77121 _d77121 |
||